000
00275nam a22001217a 4500
020
_a
9789381421659
082
_a
174.9097
100
_a
Saxena,Pawan Kumar
245
_a
Journalism ethics
260
_a
New Delhi
_b
Random publications
_c
2012.
300
_a
272p
942
_c
BK
999
_c
3050
_d
3050